00693cam a2200181 4500001001100000008004100011020001500052035001500067050002000082100003800102245015700140260003800297300002100335504003200356650004500388700004000433700003800473BUCI006004 t19801980mx spa  a9682507076 aBUCI00600400aHD31 bH47 19801 aHernández y Rodríguez, Sergio10aFundamentos de administración /cSergio Hernández y Rodríguez, Nicolás Ballesteros Inda ; rev. y asesoría técnica Alberto Bailey Gutiérrez aMéxico :bInteramericana,c1980 a421 p. ;c25 cm. aIncluye glosario e índice10aAdministración xEstudio y enseñanza1 aBallesteros Inda, Nicolás, coaut.1 aBailey Gutiérrez, Alberto, rev.